MARC details
| 000 -LEADER |
| fixed length control field |
01333nas a2200361 a 4500 |
| 001 - CONTROL NUMBER |
| control field |
vtls000366559 |
| 003 - CONTROL NUMBER IDENTIFIER |
| control field |
NLI |
| 005 - DATE AND TIME OF LATEST TRANSACTION |
| control field |
20210602173713.0 |
| 008 - FIXED-LENGTH DATA ELEMENTS--GENERAL INFORMATION |
| fixed length control field |
110113s2005 iluafc e h 001 0beng |
| 020 ## - INTERNATIONAL STANDARD BOOK NUMBER |
| International Standard Book Number |
156663637X |
| Terms of availability |
$ 27.50 |
| 039 #9 - LEVEL OF BIBLIOGRAPHIC CONTROL AND CODING DETAIL [OBSOLETE] |
| Level of rules in bibliographic description |
201702071057 |
| Level of effort used to assign nonsubject heading access points |
syamalkb |
| -- |
201101132158 |
| -- |
VLOAD |
| 040 ## - CATALOGING SOURCE |
| Original cataloging agency |
NLI : |
| Language of cataloging |
eng |
| Transcribing agency |
NLMARC21 |
| 041 0# - LANGUAGE CODE |
| Language code of text/sound track or separate title |
eng |
| 044 ## - COUNTRY OF PUBLISHING/PRODUCING ENTITY CODE |
| MARC country code |
ilu |
| 082 04 - DEWEY DECIMAL CLASSIFICATION NUMBER |
| Classification number |
811.52 |
| Edition number |
22 |
| 100 1# - MAIN ENTRY--PERSONAL NAME |
| Personal name |
Parker, Douglas M., |
| Dates associated with a name |
1935- |
| 9 (RLIN) |
543032 |
| 245 10 - TITLE STATEMENT |
| Title |
Ogden Nash : |
| Remainder of title |
the life and work of America`s laureate of light verse / |
| Statement of responsibility, etc. |
Douglas M. Parker; with a foreword by Dana Gioia |
| 260 ## - PUBLICATION, DISTRIBUTION, ETC. |
| Place of publication, distribution, etc. |
Chicago : |
| Name of publisher, distributor, etc. |
Ivan R. Dee, |
| Date of publication, distribution, etc. |
2005 |
| 300 ## - PHYSICAL DESCRIPTION |
| Extent |
xiv, 316 p. [8] p. of plates : |
| Other physical details |
ill., ports; |
| Dimensions |
24 cm. |
| 504 ## - BIBLIOGRAPHY, ETC. NOTE |
| Bibliography, etc. note |
Includes bibliographical references and index |
| 600 10 - SUBJECT ADDED ENTRY--PERSONAL NAME |
| Personal name |
Nash, Ogden, |
| Dates associated with a name |
1902-1917 |
| 9 (RLIN) |
543033 |
| 650 #0 - SUBJECT ADDED ENTRY--TOPICAL TERM |
| Topical term or geographic name entry element |
Poets, American |
| Chronological subdivision |
20th century |
| General subdivision |
Biography |
| 9 (RLIN) |
114838 |
| 650 #0 - SUBJECT ADDED ENTRY--TOPICAL TERM |
| Topical term or geographic name entry element |
Humorous poetry, American |
| General subdivision |
History and criticism |
| 9 (RLIN) |
543034 |
| 887 ## - NON-MARC INFORMATION FIELD |
| Content of non-MARC field |
Swapan Kumar Pailan mrinal |
| 901 ## - LOCAL DATA ELEMENT A, LDA (RLIN) |
| a |
553753 : |
| b |
08.08.2006 |
| 902 ## - LOCAL DATA ELEMENT B, LDB (RLIN) |
| a |
E 811.52 P 224 |
| 904 ## - LOCAL DATA ELEMENT D, LDD (RLIN) |
| a |
Swapan Kumar Pailan |
| 905 ## - LOCAL DATA ELEMENT E, LDE (RLIN) |
| a |
mrinal |
| 942 ## - ADDED ENTRY ELEMENTS (KOHA) |
| Source of classification or shelving scheme |
Dewey Decimal Classification |
| Koha item type |
Books |
| 949 ## - LOCAL PROCESSING INFORMATION (OCLC) |
| -- |
VIRTUAITEM |
| -- |
10012 |
| -- |
100 |
| 6 |
553753 |